1884 1563 1804 1431 1963 1715 1779 1362 1853 1698 1078 1917 1849 1249 1060 1464 1010 1727 1576 1387 1336 1699 1978 1852 1553 1197 1589 1868 1875 1828 1626 1880 1318 1449 1765 1432 1940 1215 1190 1747 1616 1374 1057 1642 1359 1868 1761 1620 1354 1973 1907 1218 1535 1762 1500 1469 1453 1320 1085 1442 1432 1429 1057 1272 1118 1530 1650 1871 1182 1911 1141 1798 1223 1104 1079 1753 1858 1704 1230 1326 1221 1374 1605 1054 1877 1469 1345 1612 1384 1878 1264 1975 1812 1036 1655 1391 1219 1746 1009 BCNSPRNW ULIB Ver.6.0+V

เปลี่ยนเป็นภาษาไทย

Change to English
 แสดงรายละเอียดบรรณานุกรม
  กลับหน้าหลัก

Brief Record : Get Marc (ISO 2709) : E-mail record : QR code < ปิดหน้าต่าง
LEADER : 00000nam 2200000uu 4500
001    13399113194
003     ULIB
008    111003s2550||||th 000 0 tha d
020    9789748424651
050  4 QA76.9^bก673ร 2550
100 0  กิตติ ภักดีวัฒนะกุล
245 10 ระบบฐานข้อมูล =^bDatabase systems /^cกิตติ ภักดีวัฒนะกุล,จำลอง ครูอุตสาหะ
250    พิมพ์ครั้งที่ 9
260    กรุงเทพฯ :^bเคทีพีคอมพ์แอนด์คอนซัลท์,^c2550
300    xxvi, 460 หน้า :^bภาพประกอบ ;^c24 ซม.
650  4 การจัดการฐานข้อมูล
650  4 ฐานข้อมูล
650  4 ระบบการจัดเก็บและค้นข้อสนเทศ
700 0  จำลอง ครูอุตสาหะ
945    ^p350^l0^i027344
995    ทศพร
999 ^a ทศพร
รายการนี้ยังไม่มีแท็ก
คุณยังไม่ได้ล็อกอิน คุณสามารถมีกิจกรรมร่วมกับเว็บไซต์ได้ แต่ต้องล็อกอินก่อน ::
  ล็อกอิน

รายการสื่อสารสนเทศ

ลำดับที่ ประเภท เลขเรียก/บาร์โค้ด สถานที่ สถานะ
- ไม่พบข้อมูล -

รายการใกล้เคียง
    ผู้แต่ง [กิตติ ภักดีวัฒนะกุล]

    หัวเรื่อง [การจัดการฐานข้อมูล]
    หัวเรื่อง [ฐานข้อมูล]
    หัวเรื่อง [ระบบการจัดเก็บและค้นข้อสนเทศ]

BibComment


ยังไม่เคยถูกคอมเมนท์

คอมเมนท์ทรัพยากรรายการนี้
  คอมเมนท์: ระบบฐานข้อมูล Da..


 Copyright 2026. Bcnsprnw @Library